书目信息 |
| 题名: |
书山寻径,滋养心灵
|
|
| 作者: | 胡适 , 蔡元培 著 | |
| 分册: | ||
| 出版信息: | 成都 四川文艺出版社 2021 |
|
| 页数: | 210页 | |
| 开本: | 21cm | |
| 丛书名: | ||
| 单 册: | ||
| 中图分类: | G792-53 , G792 | |
| 科图分类: | ||
| 主题词: | 读书方法--文集 | |
| 电子资源: | ||
| ISBN: | 978-7-5411-5900-8 | |
| 000 | 00900nam0 2200253 450 | |
| 001 | 2472716384 | |
| 005 | 20240907201207.69 | |
| 010 | @a978-7-5411-5900-8@dCNY30.00 | |
| 100 | @a20210706d2021 demy0chiy50 ea | |
| 101 | 0 | @achi |
| 102 | @aCN@b510000 | |
| 105 | @ay z 000yy | |
| 200 | 1 | @a书山寻径,滋养心灵@Ashu shan xun jing , zi yang xin ling@f胡适,蔡元培等著 |
| 210 | @a成都@c四川文艺出版社@d2021 | |
| 215 | @a210页@d21cm | |
| 300 | @a中国少年成长智慧书 | |
| 330 | @a本书精选名人论述关于书籍与读书的文章,内容分为三章,主要包括:和你一起去阅读、带你一起去思考、分享读书的快乐,具体收录了《为什么读书》《读书》《阅读什么》《怎样阅读》《随便翻翻》等。 | |
| 606 | 0 | @a读书方法@j文集 |
| 690 | @aG792-53@v5 | |
| 690 | @aG792@v4 | |
| 701 | 0 | @a胡适@Ahu shi@f(1891-1962)@4著 |
| 701 | 0 | @a蔡元培@Acai yuan pei@f(1868-1940)@4著 |
| 801 | 0 | @aCN@b91MARC@c20210808 |
| 905 | @aZUCC@dG792@e80 | |
| 书山寻径,滋养心灵/胡适,蔡元培等著.-成都:四川文艺出版社,2021 |
| 210页;21cm |
| 中国少年成长智慧书 |
| ISBN 978-7-5411-5900-8:CNY30.00 |
| 本书精选名人论述关于书籍与读书的文章,内容分为三章,主要包括:和你一起去阅读、带你一起去思考、分享读书的快乐,具体收录了《为什么读书》《读书》《阅读什么》《怎样阅读》《随便翻翻》等。 |
| ● |
| 相关链接 |
|
|
|
正题名:书山寻径,滋养心灵
索取号:G792/80
 
预约/预借
| 序号 | 登录号 | 条形码 | 馆藏地/架位号 | 状态 | 备注 |
| 1 | 2001763261 | 2001763261 | 第四书库/四26架A面3层2列/ [索取号:G792/80] | 在馆 | |
| 2 | 2001763262 | 2001763262 | 第四书库/四26架A面3层2列/ [索取号:G792/80] | 在馆 | |
| 3 | 2001763263 | 2001763263 | 第四书库/四26架A面3层2列/ [索取号:G792/80] | 在馆 | |
| 4 | 2001763264 | 2001763264 | 第四书库/四26架A面3层2列/ [索取号:G792/80] | 在馆 | |
| 5 | 2001763265 | 2001763265 | 第四书库/四26架A面3层2列/ [索取号:G792/80] | 在馆 | |
| 6 | 2001763266 | 2001763266 | 第四书库/四26架A面3层2列/ [索取号:G792/80] | 在馆 |